Passage 4 child soldiers of boys and men

Gespeichert in:
Bibliographische Detailangaben
1. Verfasser: Roman, Annette
Format: Buch
Sprache:Englisch
Veröffentlicht: Washington, D.C. The World Bank 2006
Schriftenreihe:1 world manga
Schlagworte:
Tags: Tag hinzufügen
Keine Tags, Fügen Sie das erste Tag hinzu!

MARC

LEADER 00000nam$a2200000$$$4500
001 0046958
005 20240313133329.6
020 |a 0-8213-6710-2 
041 0 |a eng 
044 |a US 
245 1 0 |a Passage 4  |b child soldiers of boys and men  |c story by Annette Roman 
264 1 |a Washington, D.C.  |b The World Bank  |c 2006 
300 |a 40 s. 
490 1 |a 1 world manga 
830 0 |a 1 world manga 
610 2 0 |a deti 
610 2 0 |a vojaci 
610 2 0 |a vojny 
610 2 0 |a zbrane 
610 2 0 |a kriminalita 
100 1 |a Roman, Annette